[Event "World Teams 2013"]
[Site "Antalya TUR"]
[Date "2013.11.30"]
[Round "5.2"]
[White "Solak, Dragan"]
[Black "Moiseenko, Alexander"]
[Result "1/2-1/2"]
[WhiteTitle "GM"]
[BlackTitle "GM"]
[WhiteElo "2618"]
[BlackElo "2709"]
[WhiteTeam "Turkey"]
[BlackTeam "Ukraine"]
[WhiteFideId "916811"]
[BlackFideId "14102560"]
[EventDate "2013.11.26"]

1. c4 e5 2. Nc3 Bb4 3. Qc2 Nf6 4. Nf3 Bxc3 5. Qxc3 e4 6. Nd4 O-O 7. b4 d6 8. Bb2
Nbd7 9. g3 Ne5 10. Bg2 Re8 11. O-O c5 12. bxc5 dxc5 13. Nc2 b6 14. Ne3 Bb7 15.
a4 Nc6 16. Rae1 Nd4 17. Nc2 Nxc2 18. Qxc2 a5 19. d3 exd3 20. exd3 Bxg2 21. Kxg2
Qd6 22. Bxf6 Qxf6 23. Re3 Qc6+ 24. Kg1 Rxe3 25. fxe3 Rd8 26. e4 g6 27. Rf3 h5
28. Kg2 Rd6 29. h4 Qd7 30. Qd1 Qe8 31. Qc2 Qe5 32. Qf2 Rd7 33. Qc2 Kg7 34. Qb3
Rd6 35. Qc2 Qd4 36. Qf2 f6 37. Qxd4 Rxd4 38. Kf2 Kf7 39. Ke3 Ke6 40. Rf1 Ke5 41.
Rb1 Rd6 42. Rf1 f5 43. exf5 gxf5 44. Rf4 Rg6 45. Kf2 Rg8 46. Kf3 Rg6 47. Kf2 Rg8 1/2-1/2

[Event "World Teams 2013"]
[Site "Antalya TUR"]
[Date "2013.11.30"]
[Round "5.2"]
[White "Kryvoruchko, Yuriy"]
[Black "Esen, Baris"]
[Result "1-0"]
[WhiteTitle "GM"]
[BlackTitle "GM"]
[WhiteElo "2701"]
[BlackElo "2565"]
[WhiteTeam "Ukraine"]
[BlackTeam "Turkey"]
[WhiteFideId "14109182"]
[BlackFideId "6302114"]
[EventDate "2013.11.26"]

1. e4 c5 2. Nf3 d6 3. d4 cxd4 4. Nxd4 Nf6 5. Nc3 a6 6. Be2 e5 7. Nb3 Be7 8. Be3
Be6 9. Nd5 Nbd7 10. Qd3 O-O 11. O-O Bxd5 12. exd5 Nc5 13. Nxc5 dxc5 14. c4 e4
15. Qc2 Bd6 16. f4 exf3 17. Bxf3 Nd7 18. Rae1 Qc7 19. g3 Rfe8 20. Kg2 Re5 21.
Bd2 Rae8 22. Bc3 Rxe1 23. Rxe1 Rxe1 24. Bxe1 Ne5 25. Qe4 a5 26. Bd2 b6 27. Bf4
g6 28. Be2 Qe7 29. Qe3 f6 30. Kf2 Kf7 31. b3 g5 32. Bxe5 Bxe5 33. Kg2 Bd4 34.
Qd3 Kg7 35. Bg4 Qe5 36. Qf3 Kf8 37. Be6 Qe3 38. Qxe3 Bxe3 39. d6 Bd4 40. Kf3 Be5
41. d7 Ke7 42. Ke4 Kd8 43. Kd5 Kc7 44. Bg4 h6 45. Ke6 Kd8 46. a4 Bd4 47. Kd6 Bg1
48. h4 gxh4 49. gxh4 h5 50. Bxh5 Bf2 51. Bg6 Bxh4 52. Bf5 Be1 53. Kc6 Bd2 54.
Kxb6 Bb4 55. Kb7 Bd2 56. Kc6 Bb4 57. Kb6 Bd2 58. Kxc5 Kc7 59. Kb5 Be1 60. c5 Bd2
61. c6 Be1 62. d8=Q+ Kxd8 63. Kb6 Bf2+ 64. Kb7 Bg3 65. b4 1-0

[Event "World Teams 2013"]
[Site "Antalya TUR"]
[Date "2013.11.30"]
[Round "5.2"]
[White "Can, Emre"]
[Black "Areshchenko, Alexander"]
[Result "1/2-1/2"]
[WhiteTitle "GM"]
[BlackTitle "GM"]
[WhiteElo "2519"]
[BlackElo "2720"]
[WhiteTeam "Turkey"]
[BlackTeam "Ukraine"]
[WhiteFideId "6302181"]
[BlackFideId "14109530"]
[EventDate "2013.11.26"]

1. d4 Nf6 2. c4 g6 3. Nf3 Bg7 4. Nc3 d5 5. cxd5 Nxd5 6. e4 Nxc3 7. bxc3 c5 8.
Rb1 O-O 9. Be2 cxd4 10. cxd4 Qa5+ 11. Bd2 Qxa2 12. O-O Bg4 13. Bg5 h6 14. Be3
Nc6 15. d5 Na5 16. Rb4 b6 17. e5 Bxf3 18. Bxf3 Rad8 19. Bd4 Rxd5 20. Ra4 Rxd4
21. Rxa2 Rxd1 22. Rxd1 Bxe5 23. Rd7 Rc8 24. g3 Bd6 25. Rxa7 Rc1+ 26. Kg2 Bc5 27.
Re2 Kf8 28. Rc7 Rc4 29. Bd5 Rd4 30. Ba2 Bd6 31. Rc3 Kg7 32. Rf3 Nc4 33. Bxc4
Rxc4 34. Rb2 Bc5 35. Rd3 g5 36. Rdd2 Bb4 37. Rbc2 Re4 38. Kf3 Re6 39. Rd3 Bc5
40. h3 h5 41. Rd5 Kg6 42. Ra2 Re1 43. Rdd2 Re5 44. Rab2 h4 45. gxh4 gxh4 46. Re2
Rf5+ 47. Kg4 Bd4 48. Rbc2 Rg5+ 49. Kf3 e5 50. Ke4 Rf5 51. Kd5 Rf3 52. Re4 Bxf2
53. Kxe5 f5 54. Ree2 Bg3+ 55. Ke6 Kg5 56. Rc8 Rd3 57. Rf8 Rd6+ 58. Ke7 Rh6 59.
Rd2 Kf4 60. Rfd8 Rh7+ 61. Kf6 Rh6+ 62. Ke7 Rh7+ 63. Kf6 Rh6+ 64. Ke7 Rc6 65.
R8d5 Kg5 66. Kf7 Rc7+ 67. Ke6 Rc6+ 68. Kf7 Rc7+ 1/2-1/2

[Event "World Teams 2013"]
[Site "Antalya TUR"]
[Date "2013.11.30"]
[Round "5.3"]
[White "Karjakin, Sergey"]
[Black "Khenkin, Igor"]
[Result "1-0"]
[WhiteTitle "GM"]
[BlackTitle "GM"]
[WhiteElo "2756"]
[BlackElo "2612"]
[WhiteTeam "Russia"]
[BlackTeam "Germany"]
[WhiteFideId "14109603"]
[BlackFideId "4659600"]
[EventDate "2013.11.26"]

1. e4 e5 2. Nf3 Nc6 3. Bb5 Nf6 4. d3 Bc5 5. c3 O-O 6. O-O d6 7. h3 Ne7 8. Ba4
Ng6 9. d4 Bb6 10. Re1 Bd7 11. Bc2 Re8 12. Nbd2 h6 13. Nc4 Bb5 14. Nfd2 exd4 15.
Nxb6 axb6 16. cxd4 c5 17. d5 Nd7 18. Nf3 Qf6 19. Bd2 Nf4 20. Kh2 Be2 21. Rxe2
Nxe2 22. Qxe2 Qxb2 23. Qd1 Rxa2 24. Rxa2 Qxa2 25. Bf4 Nf6 26. Bxd6 Rxe4 27. Bxe4
Nxe4 28. Bg3 Nc3 29. Qe1 1-0

[Event "World Teams 2013"]
[Site "Antalya TUR"]
[Date "2013.11.30"]
[Round "5.3"]
[White "Meier, Georg"]
[Black "Grischuk, Alexander"]
[Result "0-1"]
[WhiteTitle "GM"]
[BlackTitle "GM"]
[WhiteElo "2623"]
[BlackElo "2785"]
[WhiteTeam "Germany"]
[BlackTeam "Russia"]
[WhiteFideId "4675789"]
[BlackFideId "4126025"]
[EventDate "2013.11.26"]

1. Nf3 d5 2. d4 Bf5 3. c4 e6 4. Nc3 Nf6 5. Bg5 c6 6. e3 h6 7. Bxf6 Qxf6 8. Qb3
Qe7 9. Ne5 Qb4 10. Bd3 Bxd3 11. Nxd3 Qb6 12. Qa4 dxc4 13. Qxc4 Nd7 14. O-O Be7
15. b4 O-O 16. Rab1 Rac8 17. Rfc1 Qc7 18. a4 Rfd8 19. h3 Qb8 20. Ne4 e5 21. dxe5
Nxe5 22. Nxe5 Qxe5 23. Nc5 b6 24. Nd3 Qf5 25. Ne1 b5 26. Qa2 a5 27. bxa5 b4 28.
a6 c5 29. Qc4 Ra8 30. Kf1 Qg6 31. Nf3 Qxa6 32. Qxa6 Rxa6 33. Ne5 f6 34. Nc4 Rxa4
35. Ra1 Rda8 36. Rxa4 Rxa4 37. Ke2 Ra2+ 38. Nd2 Kf7 39. Kd3 Ke6 40. Rc2 Rxc2 41.
Kxc2 Kd5 42. Kd3 f5 43. f3 Bf6 44. e4+ Ke6 45. Kc4 Bd4 46. g3 g6 47. exf5+ Kxf5
48. Ne4 g5 49. Nd6+ Ke6 50. Ne4 Kf5 51. Nd6+ Ke6 52. Ne4 Ke5 53. Nd2 h5 0-1

[Event "World Teams 2013"]
[Site "Antalya TUR"]
[Date "2013.11.30"]
[Round "5.3"]
[White "Nepomniachtchi, Ian"]
[Black "Fridman, Daniel"]
[Result "1/2-1/2"]
[WhiteTitle "GM"]
[BlackTitle "GM"]
[WhiteElo "2721"]
[BlackElo "2600"]
[WhiteTeam "Russia"]
[BlackTeam "Germany"]
[WhiteFideId "4168119"]
[BlackFideId "11600454"]
[EventDate "2013.11.26"]

1. c4 e6 2. Nc3 d5 3. d4 Be7 4. cxd5 exd5 5. Bf4 c6 6. e3 Bd6 7. Bxd6 Qxd6 8.
Bd3 Ne7 9. Qf3 Nd7 10. Nge2 Nf6 11. h3 Ng6 12. Qg3 Qxg3 13. Nxg3 O-O 14. b4 Be6
15. a4 a5 16. Rb1 b6 17. bxa5 bxa5 18. Nge2 Rfb8 19. Nc1 Nd7 20. Nb3 Rb4 21. Kd2
Ne7 22. g4 Nc8 23. f4 f6 24. Na1 Nd6 25. Nc2 Rbb8 26. Rxb8+ Rxb8 27. Rb1 Rxb1
28. Nxb1 f5 29. gxf5 Bxf5 30. Bxf5 Nxf5 31. Nc3 Nb6 32. Kd3 Nc4 33. Nd1 Nfd6 34.
Na1 Kf7 35. Nb3 Ke7 36. Nc5 g6 37. Nf2 h5 38. Ke2 Nf5 39. Nd1 Nfd6 40. Nf2 Nf5
41. Nd1 Nfd6 1/2-1/2

[Event "World Teams 2013"]
[Site "Antalya TUR"]
[Date "2013.11.30"]
[Round "5.3"]
[White "Naiditsch, Arkadij"]
[Black "Vitiugov, Nikita"]
[Result "0-1"]
[WhiteTitle "GM"]
[BlackTitle "GM"]
[WhiteElo "2727"]
[BlackElo "2741"]
[WhiteTeam "Germany"]
[BlackTeam "Russia"]
[WhiteFideId "4650891"]
[BlackFideId "4152956"]
[EventDate "2013.11.26"]

1. e4 c5 2. Nf3 e6 3. d4 cxd4 4. Nxd4 Nc6 5. Nc3 a6 6. Be2 Qc7 7. O-O Nf6 8. Kh1
Be7 9. f4 d6 10. Nxc6 bxc6 11. Qd3 d5 12. e5 Nd7 13. Na4 a5 14. c4 Ba6 15. b3 g6
16. Be3 c5 17. Bf2 d4 18. Qh3 Bb7 19. Bh4 Bxh4 20. Qxh4 h5 21. Bf3 Bxf3 22. Rxf3
Qd8 23. Qe1 Qc7 24. Nb2 Kf8 25. Nd3 Qc6 26. a4 Kg7 27. Nf2 Nb6 28. Nh3 Qc7 29.
Qh4 Qd8 30. Ng5 Nc8 31. f5 exf5 32. e6 Nd6 33. exf7 Qe7 34. Raf1 Nxf7 35. Rg3
Ra6 36. Qf4 Nxg5 37. Rxg5 Rf8 38. h4 Re6 39. Qf3 Kh7 40. g4 hxg4 0-1

[Event "World Teams 2013"]
[Site "Antalya TUR"]
[Date "2013.11.30"]
[Round "5.4"]
[White "Aronian, Levon"]
[Black "Mamedov, Rauf"]
[Result "1/2-1/2"]
[WhiteTitle "GM"]
[BlackTitle "GM"]
[WhiteElo "2801"]
[BlackElo "2647"]
[WhiteTeam "Armenia"]
[BlackTeam "Azerbaijan"]
[WhiteFideId "13300474"]
[BlackFideId "13401653"]
[EventDate "2013.11.26"]

1. d4 Nf6 2. c4 g6 3. Nf3 Bg7 4. g3 O-O 5. Bg2 c6 6. Nc3 d5 7. cxd5 cxd5 8. Ne5
Nc6 9. O-O Bf5 10. Nxc6 bxc6 11. Na4 Nd7 12. Bg5 Re8 13. Rc1 Rc8 14. b3 Qa5 15.
Bd2 Qd8 16. Bb4 e5 17. dxe5 Nxe5 18. Bc5 Qa5 19. Re1 Bh6 20. f4 Ng4 21. e3 Bg7
22. h3 Nf6 23. Bd4 Be4 24. Bf1 Nh5 25. Kf2 Nf6 26. Qe2 Nd7 27. Bxg7 Kxg7 28.
Red1 Kg8 29. Qb2 g5 30. Nc3 gxf4 31. gxf4 Bg6 32. Re1 Qd8 33. Kg1 Qh4 34. Qf2
Qxf2+ 35. Kxf2 Nf6 36. Bg2 Be4 37. Bf1 Bf5 38. Red1 Re7 39. Bg2 Rce8 40. Re1 Re6
41. b4 Be4 42. Bf1 Bg6 43. a3 Kf8 44. Bg2 Be4 45. Bf1 Bg6 46. Rcd1 h5 47. Bg2 h4
48. b5 Rc8 49. Rc1 d4 50. exd4 Rxe1 51. Rxe1 cxb5 52. Nxb5 a6 53. Nd6 Rd8 54. f5
Rxd6 55. fxg6 Rxd4 56. gxf7 Kxf7 57. Re5 Ra4 58. Re3 Kg6 59. Bb7 Kg5 60. Ke2 Kf4
61. Re6 Rxa3 62. Rxf6+ Kg5 63. Rb6 Rxh3 64. Rxa6 Rb3 65. Bd5 Rc3 66. Ra4 Rc2+
67. Kd3 Rc8 68. Be6 Rd8+ 69. Ke4 Rd1 70. Ra5+ Kf6 71. Bh3 Rh1 72. Ra3 Rg1 73.
Kf4 Rg3 74. Ra6+ Kg7 75. Bg4 Kf7 76. Rh6 Ke7 77. Rxh4 Ra3 78. Rh6 Ra4+ 79. Kg5
Rd4 80. Re6+ Kd8 81. Rc6 Ke7 82. Bf5 Rd1 83. Kf4 Rd6 84. Rc3 Kf6 85. Rh3 Rd4+
86. Be4 Ra4 87. Rh6+ Kg7 88. Rg6+ Kf8 89. Ke5 Ra7 90. Bd5 Re7+ 91. Kf5 Rg7 92.
Rh6 Ke7 93. Be4 Kd8 94. Ra6 Rf7+ 95. Ke5 Re7+ 96. Kd4 Ke8 97. Rf6 Kd8 98. Bc6
Rg7 99. Re6 Rg5 100. Bd5 Rg7 101. Kc5 Re7 102. Rg6 Rc7+ 103. Bc6 Rf7 104. Re6
Re7 105. Rd6+ Kc7 106. Bd5 Rd7 107. Ra6 Kd8 108. Be6 Rc7+ 109. Kd5 Ke7 110. Ke5
Rc5+ 111. Bd5 Kd7 112. Rh6 Kc7 113. Rh7+ Kb6 114. Kd6 Rb5 115. Bc6 Rb4 116. Rh8
Rd4+ 117. Bd5 Rb4 118. Rc8 Ka7 119. Kc5 Rb5+ 120. Kc4 Rb8 121. Rc6 Rb7 122. Kc5
Kb8 123. Rh6 Rc7+ 124. Bc6 Re7 125. Kd6 Rg7 126. Rh8+ Ka7 127. Kc5 1/2-1/2

[Event "World Teams 2013"]
[Site "Antalya TUR"]
[Date "2013.11.30"]
[Round "5.4"]
[White "Safarli, Eltaj"]
[Black "Movsesian, Sergei"]
[Result "1/2-1/2"]
[WhiteTitle "GM"]
[BlackTitle "GM"]
[WhiteElo "2653"]
[BlackElo "2700"]
[WhiteTeam "Azerbaijan"]
[BlackTeam "Armenia"]
[WhiteFideId "13402129"]
[BlackFideId "310204"]
[EventDate "2013.11.26"]

1. e4 c5 2. Nf3 e6 3. d4 cxd4 4. Nxd4 Nc6 5. Nc3 Qc7 6. Be3 a6 7. Qd2 Nf6 8.
O-O-O Be7 9. f3 b5 10. g4 Nxd4 11. Bxd4 Bb7 12. g5 Nh5 13. Be5 Qxe5 14. Qxd7+
Kf8 15. Qxb7 Rb8 16. Qa7 g6 17. Kb1 h6 18. Rd7 Re8 19. gxh6 Rxh6 20. Qxa6 b4 21.
Ne2 Nf6 22. Rd1 Rxh2 23. Rxh2 Qxh2 24. Nd4 Rd8 25. Qe2 Qc7 26. Nb5 Rxd1+ 27.
Qxd1 Qf4 28. c3 g5 29. Bd3 g4 30. fxg4 Nxe4 31. Qh1 Nd2+ 32. Kc2 Bf6 33. g5 Bxg5
34. Qh8+ Ke7 35. Qd4 Qxd4 36. Nxd4 bxc3 37. bxc3 e5 38. Nf5+ Ke6 39. a4 e4 40.
Nd4+ Kd5 41. Be2 1/2-1/2

[Event "World Teams 2013"]
[Site "Antalya TUR"]
[Date "2013.11.30"]
[Round "5.4"]
[White "Akopian, Vladimir"]
[Black "Mamedov, Nidjat"]
[Result "1-0"]
[WhiteTitle "GM"]
[BlackTitle "GM"]
[WhiteElo "2681"]
[BlackElo "2616"]
[WhiteTeam "Armenia"]
[BlackTeam "Azerbaijan"]
[WhiteFideId "13300032"]
[BlackFideId "13400819"]
[EventDate "2013.11.26"]

1. e4 c5 2. Nf3 e6 3. d4 cxd4 4. Nxd4 a6 5. Bd3 Bc5 6. Nb3 Ba7 7. Qe2 d6 8. Be3
Nf6 9. O-O O-O 10. f4 Nc6 11. Bxa7 Rxa7 12. Nc3 b5 13. Kh1 e5 14. a4 exf4 15.
Rxf4 bxa4 16. Rxa4 a5 17. Bb5 Ne5 18. h3 Be6 19. Nd4 Rc7 20. Rf1 g6 21. Qf2 Kg7
22. Rxa5 Qe7 23. Ra6 Rb8 24. Rd1 Bc8 25. Ra4 Rxc3 26. bxc3 Nxe4 27. Qe1 Bb7 28.
Nc6 Bxc6 29. Bxc6 Nc5 30. Rb4 Rc8 31. Bd5 h5 32. Rf4 Rc7 33. Qe3 f5 34. Rb4 Kh7
35. Qd4 Rd7 36. Rb8 Kg7 37. Ra1 Rd8 38. Rxd8 Qxd8 39. Ra7+ Kh8 1-0

[Event "World Teams 2013"]
[Site "Antalya TUR"]
[Date "2013.11.30"]
[Round "5.4"]
[White "Durarbayli, Vasif"]
[Black "Sargissian, Gabriel"]
[Result "1-0"]
[WhiteTitle "GM"]
[BlackTitle "GM"]
[WhiteElo "2559"]
[BlackElo "2676"]
[WhiteTeam "Azerbaijan"]
[BlackTeam "Armenia"]
[WhiteFideId "13402935"]
[BlackFideId "13300881"]
[EventDate "2013.11.26"]

1. e4 e5 2. Nf3 Nc6 3. Bb5 a6 4. Ba4 Nf6 5. d3 d6 6. c3 Be7 7. Nbd2 O-O 8. Nf1
b5 9. Bc2 d5 10. exd5 Nxd5 11. Ng3 f5 12. O-O Kh8 13. Re1 Bd6 14. Bg5 Qd7 15.
Bb3 Nf6 16. Nh4 Ne7 17. Nh5 Bb7 18. Nxf6 gxf6 19. Bh6 Rg8 20. Qh5 Ng6 21. Bxg8
Rxg8 22. Qxf5 Qf7 23. Qh5 Qe6 24. Nxg6+ Rxg6 25. f3 Qd5 26. Kh1 Qxd3 27. Rad1
Qc4 28. a3 Qe6 29. Rd4 f5 30. Rh4 Qf7 31. Rh3 e4 32. Be3 exf3 33. gxf3 Kg8 34.
Rg1 f4 35. Rxg6+ Qxg6 36. Qxg6+ hxg6 37. Bd4 g5 38. Kg1 Kf7 39. Kf2 Kg6 40. Rh8
a5 41. Rb8 Bc6 42. h3 a4 43. Kg2 Kf5 44. Bg7 Kg6 45. Bf8 Be5 46. Be7 1-0

[Event "World Teams 2013"]
[Site "Antalya TUR"]
[Date "2013.11.30"]
[Round "5.5"]
[White "Nakamura, Hikaru"]
[Black "Li, Chao b"]
[Result "1-0"]
[WhiteTitle "GM"]
[BlackTitle "GM"]
[WhiteElo "2786"]
[BlackElo "2679"]
[WhiteTeam "USA"]
[BlackTeam "China"]
[WhiteFideId "2016192"]
[BlackFideId "8604436"]
[EventDate "2013.11.26"]

1. Nf3 Nf6 2. c4 g6 3. Nc3 d5 4. cxd5 Nxd5 5. Qb3 Nb6 6. d4 Bg7 7. e4 Bg4 8.
Bb5+ c6 9. Ng5 e6 10. Be2 Bxe2 11. Nxe2 Bxd4 12. Nxd4 Qxd4 13. Bd2 Qc5 14. Rc1
Qe7 15. a4 N8d7 16. a5 Nc8 17. Qxb7 Rb8 18. Qxc6 O-O 19. Nf3 Rd8 20. O-O e5 21.
Rfd1 f6 22. Bh6 Kf7 23. Qc4+ Qe6 24. Qc7 Ke8 25. Rxd7 Qxd7 26. Qxb8 Nb6 27. Nxe5
Rxb8 28. Nxd7 Nxd7 29. h4 Rb5 30. Rc8+ Ke7 31. Rh8 Rxb2 32. Rxh7+ Ke6 33. Be3 a6
34. Rg7 Ne5 35. Bc5 f5 36. Bd4 Rb1+ 37. Kh2 Rb5 38. Bxe5 Kxe5 39. Rxg6 1-0

[Event "World Teams 2013"]
[Site "Antalya TUR"]
[Date "2013.11.30"]
[Round "5.5"]
[White "Ding, Liren"]
[Black "Kamsky, Gata"]
[Result "1-0"]
[WhiteTitle "GM"]
[BlackTitle "GM"]
[WhiteElo "2711"]
[BlackElo "2721"]
[WhiteTeam "China"]
[BlackTeam "USA"]
[WhiteFideId "8603677"]
[BlackFideId "2000024"]
[EventDate "2013.11.26"]

1. Nf3 d5 2. d4 Nf6 3. c4 c6 4. Nc3 a6 5. g3 g6 6. Qb3 Bg7 7. Bg2 O-O 8. O-O
dxc4 9. Qxc4 Bg4 10. Qb3 Qc8 11. Bf4 Nbd7 12. Rac1 Be6 13. Qc2 Nd5 14. Nxd5 Bxd5
15. e4 Be6 16. h3 Nf6 17. Kh2 h6 18. Be5 Qd8 19. Ne1 Qa5 20. Nd3 Rad8 21. Nc5
Bc8 22. b4 Qb6 23. Qc3 Ne8 24. Bxg7 Nxg7 25. a4 Qc7 26. Qe3 Kh7 27. d5 Qb8 28.
dxc6 bxc6 29. Qc3 h5 30. h4 f6 31. Kg1 Qd6 32. Bf3 e5 33. Be2 g5 34. Rfd1 Qe7
35. Rxd8 Rxd8 36. hxg5 fxg5 37. Nd3 Re8 38. Qxc6 h4 39. Qc7 Qe6 40. Qxe5 Qg6 41.
Qd5 hxg3 42. fxg3 Qb6+ 43. Rc5 g4 44. Qd4 Bf5 45. Bxg4 Rd8 46. Bxf5+ Nxf5 47.
Qe5 Ng7 48. Nf2 Rf8 49. Qd4 Rf6 50. a5 Qe6 51. Qe5 Qf7 52. Rc7 Qf8 53. Qe7 Qxe7
54. Rxe7 Rf3 55. Kg2 Rb3 56. Rb7 Kg6 57. Rb6+ Kf7 58. Ng4 Ne6 59. Ne5+ Ke7 60.
Rxa6 Ng5 61. Rb6 Rb2+ 62. Kg1 Rb1+ 63. Kf2 Nxe4+ 64. Kf3 Nf6 65. a6 Rb3+ 66. Kg2
Nd5 67. Rb7+ Ke6 68. a7 Ra3 69. Nc6 Ra6 70. Rb8 Nc7 71. b5 Ra2+ 72. Kh3 Kd6 73.
b6 1-0

[Event "World Teams 2013"]
[Site "Antalya TUR"]
[Date "2013.11.30"]
[Round "5.5"]
[White "Onischuk, Alexander"]
[Black "Wang, Yue"]
[Result "1/2-1/2"]
[WhiteTitle "GM"]
[BlackTitle "GM"]
[WhiteElo "2672"]
[BlackElo "2725"]
[WhiteTeam "USA"]
[BlackTeam "China"]
[WhiteFideId "14101025"]
[BlackFideId "8601429"]
[EventDate "2013.11.26"]

1. d4 Nf6 2. c4 e6 3. Nf3 d5 4. Nc3 c5 5. cxd5 Nxd5 6. e4 Nxc3 7. bxc3 cxd4 8.
cxd4 Bb4+ 9. Bd2 Bxd2+ 10. Qxd2 O-O 11. Bc4 Nd7 12. O-O b6 13. a4 Bb7 14. Rfe1
Rc8 15. Bd3 e5 16. d5 Nc5 17. Bc4 Qd6 18. Qb2 f5 19. exf5 e4 20. Nd2 Bxd5 21.
Qd4 Rxf5 22. Nxe4 Nxe4 23. Qxe4 Rh5 24. Bxd5+ Rxd5 25. Qe7 Qxe7 26. Rxe7 Rdc5
27. g3 R8c7 28. Rae1 Rxe7 29. Rxe7 Ra5 30. Re4 Kf7 31. Kg2 h5 1/2-1/2

[Event "World Teams 2013"]
[Site "Antalya TUR"]
[Date "2013.11.30"]
[Round "5.5"]
[White "Bu, Xiangzhi"]
[Black "Robson, Ray"]
[Result "1-0"]
[WhiteTitle "GM"]
[BlackTitle "GM"]
[WhiteElo "2683"]
[BlackElo "2613"]
[WhiteTeam "China"]
[BlackTeam "USA"]
[WhiteFideId "8601445"]
[BlackFideId "2023970"]
[EventDate "2013.11.26"]

1. Nf3 c5 2. c4 Nc6 3. d4 cxd4 4. Nxd4 Nf6 5. Nc3 e6 6. a3 Be7 7. e4 O-O 8. Nf3
Qc7 9. Be2 b6 10. O-O Bb7 11. Bg5 Rad8 12. Rc1 Qb8 13. Re1 Ne5 14. Bh4 Ng6 15.
Bg3 Qa8 16. Bd3 Nh5 17. Bb1 Nxg3 18. hxg3 Qb8 19. Qe2 d6 20. Red1 Rc8 21. Nh2
Rfe8 22. Rc2 a6 23. Ba2 Qc7 24. f4 Bf6 25. Ng4 Qc5+ 26. Kf1 Bxc3 27. Rxc3 a5 28.
Nf2 h5 29. Qd2 Red8 30. Rd3 d5 31. Kg1 Ne7 32. cxd5 exd5 33. exd5 Qc2 34. Qe3
Nf5 35. Qxb6 Rb8 36. Rc3 Qe2 37. Bc4 Qe7 38. Qxa5 h4 39. gxh4 Qxh4 40. Rf3 Rbc8
41. b3 Ng3 42. Re1 Rd6 43. Ree3 Nf5 44. Re5 Nd4 45. Rh3 Qxf4 46. Qe1 f5 47. Re8+
Kf7 48. Qe7+ Kg6 49. Nd3 1-0

[Event "World Teams 2013"]
[Site "Antalya TUR"]
[Date "2013.12.02"]
[Round "6.1"]
[White "Ezat, Mohamed"]
[Black "Li, Chao b"]
[Result "0-1"]
[WhiteTitle "IM"]
[BlackTitle "GM"]
[WhiteElo "2454"]
[BlackElo "2679"]
[WhiteTeam "Egypt"]
[BlackTeam "China"]
[WhiteFideId "10600906"]
[BlackFideId "8604436"]
[EventDate "2013.11.26"]

1. d4 Nf6 2. c4 g6 3. Nc3 d5 4. Bg5 Ne4 5. cxd5 Nxg5 6. h4 Ne4 7. Nxe4 Qxd5 8.
Qd3 Bg7 9. Nf3 Qa5+ 10. Nc3 c5 11. Qb5+ Qxb5 12. Nxb5 Na6 13. h5 O-O 14. hxg6
hxg6 15. e3 cxd4 16. Nfxd4 e5 17. Nf3 Nb4 18. Rc1 Be6 19. a3 Na2 20. Rc5 Rfc8
21. Rxc8+ Rxc8 22. Kd2 Rc1 23. Nc3 Bb3 24. Ne1 e4 25. Nxe4 Rd1+ 26. Ke2 Nc1+ 27.
Kf3 Rxe1 0-1

[Event "World Teams 2013"]
[Site "Antalya TUR"]
[Date "2013.12.02"]
[Round "6.1"]
[White "Ding, Liren"]
[Black "Shoker, Samy"]
[Result "1-0"]
[WhiteTitle "GM"]
[BlackTitle "IM"]
[WhiteElo "2711"]
[BlackElo "2500"]
[WhiteTeam "China"]
[BlackTeam "Egypt"]
[WhiteFideId "8603677"]
[BlackFideId "627143"]
[EventDate "2013.11.26"]

1. d4 Nf6 2. c4 d6 3. Nf3 g6 4. Nc3 Bg7 5. e4 O-O 6. Be2 e5 7. O-O Nc6 8. d5 Ne7
9. b4 Nh5 10. Re1 a5 11. Ba3 Nf4 12. c5 axb4 13. Bxb4 dxc5 14. Bxc5 b6 15. Bb4
Nxe2+ 16. Qxe2 Ba6 17. Qc2 Re8 18. a4 Qd7 19. a5 Nc8 20. h3 c5 21. Ba3 Bf8 22.
Na4 bxa5 23. Nxc5 Qb5 24. Nd2 Rd8 25. Nxa6 Rxa6 26. Bxf8 Rxf8 27. Reb1 Qd7 28.
Nc4 Qc7 29. Qd3 Ra7 30. Rb5 a4 31. d6 Rd8 32. Rd5 Qb7 33. Nxe5 a3 34. d7 Ne7 35.
Rb5 Qa6 36. Qb3 Qf6 37. Rxa3 Rc7 38. Qf3 Qe6 39. Ra6 Rc1+ 40. Kh2 Nc6 41. Qf4
Qd6 42. Qxc1 1-0

[Event "World Teams 2013"]
[Site "Antalya TUR"]
[Date "2013.12.02"]
[Round "6.1"]
[White "Amin, Bassem"]
[Black "Wang, Yue"]
[Result "1-0"]
[WhiteTitle "GM"]
[BlackTitle "GM"]
[WhiteElo "2652"]
[BlackElo "2725"]
[WhiteTeam "Egypt"]
[BlackTeam "China"]
[WhiteFideId "10601457"]
[BlackFideId "8601429"]
[EventDate "2013.11.26"]

1. e4 c5 2. Nf3 Nc6 3. Bb5 Nf6 4. Nc3 Qc7 5. O-O Nd4 6. Re1 a6 7. e5 Nxb5 8.
exf6 Nxc3 9. fxg7 Bxg7 10. dxc3 d6 11. Qd3 h6 12. Nh4 Bf6 13. Nf5 Be6 14. Ng3
O-O-O 15. Nh5 Bg5 16. Ng7 Qd7 17. Qe4 Bxc1 18. Raxc1 Bh3 19. Re3 Rdg8 20. Rg3 f5
21. Qc4 Bg4 22. Ne6 Qb5 23. Qxb5 axb5 24. Re1 Kd7 25. Rd3 c4 26. Rde3 Rh7 27. f4
Rc8 28. Kf2 Rf7 29. a3 Rh7 30. b4 cxb3 31. cxb3 Ra8 32. b4 Rf7 33. Ra1 Kc6 34.
Nd4+ Kb6 35. Re6 Rc8 36. Rc1 Rh8 37. Rce1 Rhh7 38. h3 Bh5 39. R1e5 Kc7 40. Rxb5
Bd1 41. Rxf5 h5 42. Rxf7 Rxf7 43. f5 Kd7 44. Ke1 Ba4 45. Rh6 1-0

[Event "World Teams 2013"]
[Site "Antalya TUR"]
[Date "2013.12.02"]
[Round "6.1"]
[White "Yu, Yangyi"]
[Black "Labib, Ibrahim Hasan"]
[Result "1-0"]
[WhiteTitle "GM"]
[BlackTitle "IM"]
[WhiteElo "2668"]
[BlackElo "2411"]
[WhiteTeam "China"]
[BlackTeam "Egypt"]
[WhiteFideId "8603820"]
[BlackFideId "10600426"]
[EventDate "2013.11.26"]

1. e4 c6 2. d4 d5 3. e5 c5 4. Nf3 Nc6 5. dxc5 Bg4 6. c3 e6 7. Be3 Bxf3 8. Qxf3
Nge7 9. Bb5 Qc7 10. Bd4 g5 11. O-O Bg7 12. Re1 h5 13. Na3 g4 14. Qe2 Nf5 15. Nc2
O-O-O 16. b4 Nce7 17. Bd3 Ng6 18. Bxf5 exf5 19. Qd3 Qd7 20. e6 fxe6 21. c6 Qf7
22. cxb7+ Kd7 23. Qb5+ Ke7 24. Bxg7 Qxg7 25. Nd4 Kf6 26. Nxe6 Qd7 27. b8=Q 1-0